| 000 | 02221nam0a2200397 4500 | ||
|---|---|---|---|
| 001 | RU\NLR\bibl\125931 | ||
| 005 | 20260407062101.0 | ||
| 021 |
_aRU _b2000-38727 _91782 |
||
| 035 | _a(NLR Aleph) 000123351 | ||
| 090 |
_a702965 _c702965 |
||
| 100 | _a20001204d1999 |||y0rusy50 ca | ||
| 101 | 0 | _arus | |
| 102 | _aRU | ||
| 105 | _ay ||||||||| | ||
| 200 | 1 |
_aОрганизация и проведение обучающих школ по профилактике заболеваний внутренних органов среди населения _eРук. для врачей _fМ-во здравоохранения Рос. Федерации и др. _g[А.Я. Крюкова и др.]; Под ред. А.Я. Крюковой, С.В. Шагаровой |
|
| 210 |
_aУфа _cИнформреклама _d1999 (вып. дан. 2000) |
||
| 215 |
_a191, [4] с. _cил. _d21 |
||
| 225 | 1 | _aШкола здоровья | |
| 300 | _aВ надзаг. также: М-во здравоохранения Респ. Башкортостан, Башк. гос. мед. ун-т. Каф. поликлинич. терапии, Башк. центр мед. профилактики | ||
| 320 | _aБиблиогр. в конце гл. | ||
| 606 | 0 |
_aВнутренние болезни _xПрофилактика _xСанитарно-просветительная работа _92189569 _3RU\NLR\auth\661316265 |
|
| 610 | 0 | _aВнутренние болезни - Профилактика и борьба - Санитарно-просветительская работа | |
| 675 |
_a616.1/.4-082 _v3 _zrus |
||
| 686 |
_a76.03 _2rugasnti |
||
| 686 |
_a54.1 _2rubbk |
||
| 686 | _aР11(2)599.734.1 | ||
| 701 | 1 |
_aКрюкова _gАнтонина Яковлевна _4070 |
|
| 702 | 1 |
_aШагарова _bС. В. _4340 |
|
| 712 | 0 | 2 |
_aБашкирский государственный медицинский университет _bКафедра поликлинической терапии _cУфа _9557020 _3RU\NLR\AUTH\8810029228 |
| 801 | 0 |
_aRU _bRKP _c20001204 _gPSBO |
|
| 801 | 1 |
_aRU _bRKP _c20001204 |
|
| 801 | 2 |
_aRU _bNLR _c20030326 _grcr |
|
| 852 |
_aNLR _j2000-3/16736 |
||
| 942 | _cBOOK | ||
| 980 | _aNB | ||